Business etiquette : an introduction (Record no. 188485)

MARC details
000 -LEADER
fixed length control field 00411nam a2200157Ia 4500
005 - DATE AND TIME OF LATEST TRANSACTION
control field 20250417140434.0
008 - FIXED-LENGTH DATA ELEMENTS--GENERAL INFORMATION
fixed length control field 231217s9999 xx 000 0 und d
020 ## - INTERNATIONAL STANDARD BOOK NUMBER
International Standard Book Number 9788131404577
082 ## - DEWEY DECIMAL CLASSIFICATION NUMBER
Classification number 650 RAV;1 R
100 ## - MAIN ENTRY--PERSONAL NAME
Personal name Ravinuthala Nagasudha ed.
245 #0 - TITLE STATEMENT
Title Business etiquette : an introduction
260 ## - PUBLICATION, DISTRIBUTION, ETC. (IMPRINT)
Date of publication, distribution, etc. 2006
Name of publisher, distributor, etc. Icfai
Place of publication, distribution, etc. Hyderabad
300 ## - PHYSICAL DESCRIPTION
Extent vi, 193
650 ## - SUBJECT ADDED ENTRY--TOPICAL TERM
Topical term or geographic name as entry element Business,eliquette
942 ## - ADDED ENTRY ELEMENTS (KOHA)
Koha item type Books
Holdings
Date last seen Total Checkouts Full call number Accession number Old discount Cost, replacement price Price effective from Category Public note Lost status Damaged status Department Withdrawn status bill no. bill date Permanent Location Current Location Shelving location Entry date Vendor Cost, normal purchase price Grants Currency symbol Conversion rate Discount Discount type
26/01/2024   650 RAV;1 R 64939   38.00 26/01/2024 Books 64939     Central Library   1993 25/02/2014 Central Library Central Library Central Library 08/09/2010 ICFAI University 38.00 MBA RS 1   Rupees
26/01/2024   650 RAV;2 R1 65536   38.00 26/01/2024 Books 65536     F-Block Annex   1993 25/02/2014 Central Library Central Library F-Block Library Annex 16/09/2010 ICFAI University 38.00 MBA RS 1   Rupees
26/01/2024   650 RAV;3 65537   38.00 26/01/2024 Books 65537     Central Library   1993 25/02/2014 Central Library Central Library Central Library 16/09/2010 ICFAI University 38.00 MBA RS 1   Rupees

© For any Suggestions or Query, please contact the library staff @ librarian@pes.edu or Phone: +9180 2672 1983/ 2108.